00720nam a2200229 a 450000100060000000300090000600800410001502000150005604000280007108200180009910000520011724500550016925000060022426000310023030000110026159000490027265000510032165000570037265000320042994200120046199900170047316212CO-ViMGA141112s2004 ck r 000 u spa d a9586440265 aCO-ViMGAbspacCO-ViMGA04a301.633 V659r1 aGonzáles, Fernán E.; Zambrano, Fabio92316310aViolencia en la región Andina , el caso Colombia a3 aBogotá : bCinep, c1997 a357.p. aForma de adquisición : Premio - Mincultura14aCOLOMBIA - Política Y GOBIERNO - 197492316414aNARCOTRAFICO - ASPECTOS ECONOMICOS - COLOMBIA92316514aVIOLENCIA - COLOMBIA917061 2ddccBK c26124d26124